Movies Quiz

Random Movies or Clickable Quiz
Score 0/25 Timer 07:00
1 Play Today
% Correct
22 Jump Street
91.8%
Gone Girl
87%
Lucy
85.5%
Interstellar
80.1%
The Imitation Game
79.3%
The Theory of Everything
77.3%
The Monuments Men
74.8%
The Fault in Our Stars
74.6%
Sin City: A Dame to Kill For
74.4%
Seventh Son
71.6%
The Expendables 3
71.6%
Boyhood
67.1%
X-Men: Days of Future Past
65.8%
% Correct
Teenage Mutant Ninja Turtles
65%
The Gambler
62.8%
The Hunger Games: Mockingjay - Part 1
61.5%
The Purge: Anarchy
60.5%
Maleficent
59.6%
The Babadook
56.2%
The Lego Movie
55.1%
Fury
51.9%
The Judge
49.2%
Big Eyes
47.3%
Nightcrawler
46.5%
Into the Woods
40.9%

You're not logged in!

Compare scores with friends on all Sporcle quizzes.
OR
Log In

Sporcle TV

Today on Sporcle TV


Watch our educational content, quiz creation guides, and fun videos on Sporcle TV.

Show Comments

Extras

Top Quizzes Today


Score Distribution

Paid Content

Your Account Isn't Verified!

In order to create a playlist on Sporcle, you need to verify the email address you used during registration. Go to your Sporcle Settings to finish the process.

Report this User

Report this user for behavior that violates our Community Guidelines.

Details: